[Event "Hoogovens"]
[Site "Wijk aan Zee"]
[Date "1988.01.20"]
[Round "10"]
[White "Karpov, Anatoly"]
[Black "Ljubojevic, Ljubomir"]
[Result "1-0"]
[WhiteElo "2715"]
[BlackElo "2610"]
[PlyCount "125"]
[EventDate "1988.01.08"]
[EventType "tourn"]
[EventRounds "13"]
[EventCountry "NED"]
[EventCategory "13"]
[SourceTitle "CBM 005"]
[Source "ChessBase"]
[SourceDate "1988.08.01"]
[SourceVersion "1"]
[SourceVersionDate "1988.08.01"]
[SourceQuality "1"]

1. d4 Nf6 2. c4 e6 3. Nf3 d5 4. Bg5 Nbd7 5. e3 c6 6. Nbd2 Be7 7. Bd3 O-O 8. O-O b6 9. cxd5 ({RR} 9. Qc2 Bb7 10. Rfd1 h6 11. Bh4 c5 12. Bf1 Rc8 13. dxc5 Nxc5 14. Rac1 Nfe4 15. Bxe7 Qxe7 16. cxd5 exd5 17. Qb1 Rfe8 18. Nxe4 dxe4 19. Nd4 Qg5 20. Nb5 Nd3 21. Rxc8 Rxc8 22. Nd6 Rc7 23. Nxb7 Rxb7 {Bu,X (2714)-Korobov,A (2605) Beijing 2008 1-0 (44)}) ({RR} 9. Rc1 c5 10. Re1 Bb7 11. cxd5 Nxd5 12. Bxe7 Qxe7 13. Ne4 Nb4 14. dxc5 Nxd3 15. Qxd3 Bxe4 16. Qxe4 Nxc5 17. Qc4 Rfd8 18. Ne5 Rd5 19. f4 Qb7 20. b4 b5 21. Qc2 Nd7 22. e4 Rd4 23. Qc6 Qxc6 {Szabolcsi,J (2182)-Weissenbach,K (1949) Kreuzberg GER 2026 1-0 (44)}) ({RR} 9. Qe2 Bb7 10. Rac1 c5 11. Rfd1 a6 12. Bb1 cxd4 13. Nxd4 Rc8 14. cxd5 Rxc1 15. Rxc1 Nxd5 16. Bxe7 Qxe7 17. e4 Nf4 18. Qe3 Qd6 {½-½ (18) Smyslov,V (2545)-Ljubojevic,L (2605) Amsterdam 1981}) 9... cxd5 10. Rc1 Bb7 11. Qa4 $146 ({RR} 11. Qe2 Bd6 12. e4 dxe4 13. Nxe4 Be7 14. Nxf6+ Nxf6 15. Rfd1 Bd5 16. a3 Rc8 17. Rxc8 Qxc8 18. Rc1 Qb7 19. Ne1 h6 20. Bh4 Qd7 21. Bb5 Qd8 22. Bg3 Bd6 23. Be5 Bxe5 24. Qxe5 Ng4 25. Qg3 Nf6 {Ruiz,L (2038)-Rey Rodriguez,Y (1982) Havana 2009 0-1 (61)}) ({RR} 11. Qc2 Qb8 12. Bf4 Bd6 13. Bxd6 Qxd6 14. Qc7 Qxc7 15. Rxc7 Bc8 16. Rfc1 Rd8 17. Ne5 Nxe5 18. dxe5 Ne8 19. R7c2 Bb7 20. Bb5 Kf8 21. Nb3 Rac8 22. Nd4 Rxc2 23. Rxc2 Rc8 24. Rxc8 Bxc8 25. Bxe8 Kxe8 {Souza Neves,A (2159)-Stone,R (1993) Manaus 2013 ½-½ (42)}) 11... a6 12. Qb3 Bd6 13. Rc3 h6 14. Bh4 Qb8 15. Bxf6 gxf6 16. Rfc1 f5 17. Nf1 Qd8 18. Ng3 Qe7 19. Nh5 Rfc8 20. a4 Kf8 21. g3 Bb4 22. R3c2 Rxc2 23. Qxc2 Bd6 24. Qe2 Bb8 25. Rc3 Ke8 26. Nh4 Qb4 27. Qc2 Kd8 28. Be2 Ba7 29. Nf4 Nf6 30. Nd3 Qe7 31. Ne5 Ne4 32. Rc6 f6 33. Nhg6 Qe8 34. Rc7 fxe5 35. Rxb7 Rc8 36. Qb3 Rc7 37. Rxc7 Kxc7 38. Nxe5 Kb7 39. Nd3 a5 40. f3 Nd6 41. Ne5 Bb8 42. Qc2 Qc8 43. Qxc8+ Kxc8 44. Ba6+ Kd8 45. Nc6+ Kd7 46. Nxb8+ Kc7 47. g4 Kxb8 48. Kf2 Kc7 49. Bd3 fxg4 50. fxg4 Kd7 51. Kf3 Ke7 52. Kf4 Kf6 53. h4 Nf7 54. Bb1 Nd8 55. g5+ hxg5+ 56. hxg5+ Ke7 57. g6 Kf6 58. g7 Kxg7 59. Ke5 Kf7 60. Kd6 Kf6 61. Kc7 Nf7 62. Kxb6 Nd6 63. b3 1-0

[Event "Linares-04"]
[Site "Linares"]
[Date "1983.02.21"]
[Round "8"]
[White "Hort, Vlastimil"]
[Black "Karpov, Anatoly"]
[Result "1/2-1/2"]
[WhiteElo "2585"]
[BlackElo "2710"]
[PlyCount "47"]
[EventDate "1983.02.12"]
[EventType "tourn"]
[EventRounds "11"]
[EventCountry "ESP"]
[EventCategory "14"]
[SourceTitle "MCD"]
[Source "ChessBase"]
[SourceDate "1999.07.01"]
[SourceVersion "1"]
[SourceVersionDate "1999.07.01"]
[SourceQuality "1"]

1. d4 Nf6 2. c4 e6 3. Nf3 d5 4. Bg5 Be7 5. e3 h6 6. Bh4 O-O 7. Nbd2 Nbd7 8. Rc1 c5 9. cxd5 Nxd5 10. Bxe7 Qxe7 11. Bc4 $146 ({RR} 11. e4 Nf4 12. g3 Ng6 13. Nb3 cxd4 14. Qxd4 e5 15. Qe3 a5 16. Be2 Qb4+ 17. Nfd2 a4 18. a3 Qe7 19. Na1 Nf6 20. O-O {½-½ (20) Xu,J (2535)-Lputian,S (2570) Beijing 1991}) ({RR} 11. Nb3 cxd4 12. Qxd4 N7f6 13. Be2 Bd7 14. O-O Rfd8 15. a3 Be8 16. h3 a6 17. Rfd1 Rac8 18. Rxc8 Rxc8 19. Ne5 Qc7 20. Rc1 Qd8 21. Rxc8 Qxc8 22. Qc5 Qd8 23. Bf3 b6 24. Qc1 a5 25. Nd4 Qb8 {Le,Q (2737)-Sargissian,G (2672) Riadh 2017 1-0 (55)}) 11... cxd4 12. Nxd4 N7b6 13. Be2 Bd7 14. O-O Rfc8 15. Nc4 Nxc4 16. Rxc4 Nb6 17. Rxc8+ Rxc8 18. Qd2 Qc5 19. Nb3 Qc2 20. Rc1 Qxd2 21. Rxc8+ Bxc8 22. Nxd2 Na4 23. Nc4 Bd7 24. Bd1 1/2-1/2

[Event "ESP-chT"]
[Site "Lanzarote"]
[Date "2003.05.08"]
[Round "3.1"]
[White "Karpov, Anatoly"]
[Black "Korneev, Oleg"]
[Result "1-0"]
[WhiteElo "2686"]
[BlackElo "2606"]
[PlyCount "135"]
[EventDate "2003.05.06"]
[EventType "team"]
[EventRounds "9"]
[EventCountry "ESP"]
[SourceTitle "CBM 094 Extra"]
[Source "ChessBase"]
[SourceDate "2003.07.09"]
[SourceVersion "2"]
[SourceVersionDate "2003.07.09"]
[SourceQuality "1"]
[WhiteTeam "Tiendas UPI"]
[BlackTeam "Cajacanarias"]
[WhiteTeamCountry "ESP"]
[BlackTeamCountry "ESP"]

1. d4 d5 2. c4 e6 3. Nf3 Nf6 4. e3 Be7 5. Nbd2 O-O 6. b3 c5 7. dxc5 Bxc5 8. a3 ({RR} 8. cxd5 Nxd5 9. Bb2 Nc6 10. a3 Be7 11. Qc2 Bf6 12. Be2 Bd7 13. Ne4 Bxb2 14. Qxb2 Qb6 15. O-O Rfd8 16. Rac1 Be8 17. Rc2 Rac8 18. Rfc1 Nce7 19. Nc5 a5 20. g3 h6 21. Ne5 Qa7 22. Bh5 b6 {Karpov,A (2628)-Fressinet,L (2702) Cap d'Agde 2015 ½-½ (61)}) 8... a5 9. Bb2 Nc6 10. cxd5 $146 ({RR} 10. Bd3 dxc4 11. Nxc4 b5 12. Nce5 Nxe5 13. Nxe5 Bb7 14. Bxb5 Qb6 15. Qe2 Rfb8 16. Bc4 Bd5 17. Nd3 Be7 18. O-O Qc6 19. Bxd5 Qxd5 20. b4 axb4 21. axb4 Rxa1 22. Rxa1 Rd8 23. Bd4 Qb5 24. Qc2 Nd5 {Peng,L (2541)-Jumabayev,R (2556) Tashkent UZB 2026 ½-½ (74)}) 10... exd5 11. Bd3 Qe7 12. O-O Bd6 13. Qb1 Ne5 14. Nxe5 Bxe5 15. Nf3 Bxb2 16. Qxb2 Bg4 17. Nd4 Rfc8 18. Rfc1 h6 19. h3 Bd7 20. Ne2 b6 21. Rd1 Rc5 22. b4 Rcc8 23. Qd4 Qe6 24. Ng3 Qc6 25. Ne2 Qe6 26. Rab1 axb4 27. axb4 Ra4 28. Ra1 Rca8 29. Rxa4 Rxa4 30. Nc3 Ra3 31. Be2 Ba4 32. Rc1 Bc6 33. Qxb6 Rb3 34. Qd4 Qd6 35. Rb1 Rxb1+ 36. Nxb1 Ne4 37. Nc3 Ng5 38. Bg4 h5 39. Bf5 g6 40. h4 Ne6 41. Bxe6 Qxe6 42. b5 Bb7 43. Ne2 Qf5 44. Qb6 Qd7 45. Nd4 Kg7 46. Qc5 f6 47. Qa7 Kf7 48. Qb8 Qc8 49. Qd6 Qc1+ 50. Kh2 Qc8 51. b6 Qe8 52. Qc7+ Qe7 53. Qxe7+ Kxe7 54. Ne2 g5 55. Ng3 gxh4 56. Nf5+ Kd7 57. Kh3 Kc6 58. Kxh4 Kxb6 59. Kxh5 d4 60. Nxd4 Bxg2 61. Kg6 Kc5 62. Kxf6 Kc4 63. Ke5 Kd3 64. Kf4 Bb7 65. f3 Ba8 66. Nf5 Ke2 67. e4 Kf2 68. Nd4 1-0

[Event "Ciamannacce sim"]
[Site "Ciamannacce"]
[Date "2012.07.14"]
[Round "?"]
[White "Karpov, Anatoly"]
[Black "Venel, Alexandre"]
[Result "1-0"]
[WhiteElo "2616"]
[BlackElo "1433"]
[PlyCount "41"]
[EventDate "2012.07.14"]
[EventType "simul"]
[EventRounds "1"]
[EventCountry "FRA"]
[SourceTitle "EXT 2014"]
[Source "ChessBase"]
[SourceDate "2013.11.20"]
[SourceVersion "1"]
[SourceVersionDate "2013.11.20"]
[SourceQuality "1"]

1. d4 d5 2. c4 c6 3. Nf3 Nf6 4. e3 e6 5. Nbd2 Nbd7 6. b3 Bd6 7. Bb2 O-O 8. Bd3 a6 9. O-O b5 10. e4 dxe4 11. Nxe4 Nxe4 12. Bxe4 Bb7 13. Ne5 Nxe5 14. dxe5 Be7 $146 ({RR} 14... Bc5 15. Qf3 Qc7 16. Rac1 Qb6 17. Bc3 Rac8 18. b4 Be7 19. c5 Qc7 20. Rcd1 Rfd8 21. a3 a5 22. Qg3 Bf8 23. h4 Ba8 24. Rd6 Bxd6 25. cxd6 Qd7 26. h5 Rf8 27. Rd1 Rb8 28. Rd3 Rbd8 29. Qf4 {Karpov,A (2616)-Leibenguth,P (1638) Ciamannacce 2012 1-0 (31)}) 15. Qf3 Rc8 16. Rfd1 Qc7 17. Rac1 Qb8 18. Rd7 Rfe8 19. Bxh7+ Kxh7 20. Qxf7 bxc4 21. Rc3 1-0

[Event "Ciamannacce sim"]
[Site "Ciamannacce"]
[Date "2012.07.14"]
[Round "?"]
[White "Karpov, Anatoly"]
[Black "Leibenguth, Pablo"]
[Result "1-0"]
[WhiteElo "2616"]
[BlackElo "1638"]
[PlyCount "61"]
[EventDate "2012.07.14"]
[EventType "simul"]
[EventRounds "1"]
[EventCountry "FRA"]
[SourceTitle "EXT 2014"]
[Source "ChessBase"]
[SourceDate "2013.11.20"]
[SourceVersion "1"]
[SourceVersionDate "2013.11.20"]
[SourceQuality "1"]

1. d4 d5 2. c4 c6 3. Nf3 Nf6 4. e3 e6 5. Nbd2 Nbd7 6. b3 Bd6 7. Bb2 O-O 8. Bd3 a6 9. O-O b5 10. e4 dxe4 11. Nxe4 Nxe4 12. Bxe4 Bb7 13. Ne5 Nxe5 14. dxe5 Bc5 $146 ({RR} 14... Be7 15. Qf3 Rc8 16. Rfd1 Qc7 17. Rac1 Qb8 18. Rd7 Rfe8 19. Bxh7+ Kxh7 20. Qxf7 bxc4 21. Rc3 {1-0 (21) Karpov,A (2616)-Venel,A (1433) Ciamannacce 2012}) 15. Qf3 Qc7 16. Rac1 Qb6 17. Bc3 Rac8 18. b4 Be7 19. c5 Qc7 20. Rcd1 Rfd8 21. a3 a5 22. Qg3 Bf8 23. h4 Ba8 24. Rd6 Bxd6 25. cxd6 Qd7 26. h5 Rf8 27. Rd1 Rb8 28. Rd3 Rbd8 29. Qf4 Rc8 30. Rh3 g6 31. hxg6 1-0

[Event "Valjevo"]
[Site "Valjevo"]
[Date "2007.06.14"]
[Round "2"]
[White "Karpov, Anatoly"]
[Black "Ivanisevic, Ivan"]
[Result "1/2-1/2"]
[WhiteElo "2668"]
[BlackElo "2614"]
[PlyCount "38"]
[EventDate "2007.06.13"]
[EventType "tourn"]
[EventRounds "9"]
[EventCountry "YUG"]
[EventCategory "15"]
[SourceTitle "CBM 119"]
[Source "ChessBase"]
[SourceDate "2007.08.01"]
[SourceVersion "1"]
[SourceVersionDate "2007.08.01"]
[SourceQuality "1"]

1. d4 Nf6 2. c4 e6 3. Nf3 d5 4. e3 a6 5. Qc2 dxc4 6. Bxc4 c5 7. dxc5 Bxc5 8. Bb5+ Bd7 9. Qxc5 Bxb5 10. Nc3 Bd3 $146 ({RR} 10... Nbd7 11. Qd6 Bc6 12. Nd4 Bxg2 13. Rg1 Be4 14. Rxg7 Bg6 15. e4 Qe7 16. Qxe7+ Kxe7 17. Bg5 Kf8 18. Bh6 Ke8 19. Rd1 Ne5 20. f3 Rd8 21. Ke2 Nh5 22. Nxe6 Rxd1 23. Nxd1 Nc6 24. Ke3 Nxg7 25. Nxg7+ {Bauer,C (2576)-Fressinet,L (2606) Marseille 2001 ½-½ (60)}) 11. b3 Nc6 12. Ba3 Nd7 13. Qd6 Qa5 14. Qxd3 Qxa3 15. O-O Rd8 16. Qc2 O-O 17. Rad1 Nf6 18. Qc1 Qxc1 19. Rxc1 h6 1/2-1/2

[Event "Snowdrops-Old Hands"]
[Site "Marianske Lazne"]
[Date "2008.12.02"]
[Round "4"]
[White "Karpov, Anatoly"]
[Black "Nemcova, Katerina"]
[Result "1-0"]
[WhiteElo "2651"]
[BlackElo "2369"]
[PlyCount "83"]
[EventDate "2008.11.29"]
[EventType "schev"]
[EventRounds "8"]
[EventCountry "CZE"]
[SourceTitle "CBM 127 Extra"]
[Source "ChessBase"]
[SourceDate "2009.01.08"]
[SourceVersion "2"]
[SourceVersionDate "2009.01.28"]
[SourceQuality "1"]

1. d4 d5 2. c4 c6 3. Nf3 Nf6 4. e3 e6 5. Nbd2 c5 6. cxd5 Nxd5 7. e4 Nf6 8. e5 Nd5 9. dxc5 Bxc5 10. a3 O-O 11. Qc2 Be7 12. Bd3 h6 13. Qc4 Nd7 14. O-O b6 $146 ({RR} 14... a5 15. Qe4 f5 16. exf6 N7xf6 17. Qd4 Nf4 18. Bc4 Qc7 19. Ne4 b5 20. Bxf4 Qxc4 21. Ned2 Qxd4 22. Nxd4 Bd7 23. Rfe1 Nd5 24. Bg3 Ra6 25. N2f3 Rd8 26. Bh4 Bf6 27. Re4 Rb8 28. Bg3 Rc8 29. Be5 {Lysyj,I (2617)-Ter Sahakyan,S (2480) Martuni 2009 ½-½ (57)}) 15. Nb3 a5 16. Qe4 f5 17. exf6 N7xf6 18. Qg6 Qe8 19. Re1 Bd6 20. Nbd4 Bd7 21. Ne5 Qxg6 22. Nxg6 Rfe8 23. Ne5 Bc5 24. Ndf3 Ba4 25. Bd2 Red8 26. Re2 Be8 27. Rc1 Ra7 28. g3 Raa8 29. Kg2 Ra7 30. h4 Raa8 31. Ree1 Ra7 32. Kg1 Raa8 33. Bf1 Nh7 34. Nd3 Bd6 35. Rxe6 Nhf6 36. Ree1 Bg6 37. Nfe5 Be4 38. Rc4 Bh7 39. Nf4 Nxf4 40. Bxf4 Bf5 41. Nc6 Rd7 42. Bxd6 1-0

[Event "Zudov Memorial-A 8th"]
[Site "Nizhnij Tagil"]
[Date "2012.10.14"]
[Round "5"]
[White "Matveev, Vladimir1"]
[Black "Karpov, Alexander"]
[Result "1-0"]
[WhiteElo "2325"]
[BlackElo "2296"]
[PlyCount "105"]
[EventDate "2012.10.07"]
[EventType "tourn"]
[EventRounds "14"]
[EventCountry "RUS"]
[EventCategory "2"]
[SourceTitle "EXT 2013"]
[Source "ChessBase"]
[SourceDate "2012.11.22"]
[SourceVersion "1"]
[SourceVersionDate "2012.11.22"]
[SourceQuality "1"]
[TimeControl "6000+1295"]
[WhiteClock "0:04:42"]
[BlackClock "0:01:30"]

1. d4 d5 2. c4 e6 3. Nf3 c6 4. Qc2 Bb4+ 5. Nbd2 Nf6 6. a3 Be7 7. g3 Nbd7 8. Bg2 O-O 9. O-O b6 10. e4 Bb7 11. e5 $146 ({RR} 11. Re1 Rc8 12. b4 Qc7 13. e5 Ne8 14. Bb2 Qb8 15. c5 Nc7 16. a4 h6 17. Rab1 Qa8 18. Bc3 Rb8 19. Bh3 Ba6 20. Kg2 Qb7 21. Re3 Qc8 22. Bg4 Qd8 23. Ba1 Bb7 24. h4 bxc5 25. bxc5 Ba6 {Ismayilov,G (2379)-Karpov,A (2201) Donskoj 2018 1-0 (39)}) 11... Ne8 12. Rd1 c5 13. dxc5 bxc5 14. cxd5 exd5 15. Nf1 Qb6 16. Bg5 Qd8 17. Bxe7 Qxe7 18. Ne3 Nc7 19. Nf5 Qd8 20. b4 c4 21. h4 a5 22. Nd6 Rb8 23. Ng5 g6 24. Nxb7 Rxb7 25. Bxd5 Nxd5 26. Rxd5 axb4 27. axb4 Qe7 28. Qe2 Re8 29. e6 fxe6 30. Rd4 Nb6 31. Re4 Qxb4 32. Rxe6 Rbe7 33. Ra7 Rxe6 34. Nxe6 Re7 35. Qe5 Rxa7 36. Qb8+ Kf7 37. Ng5+ Ke7 38. Qxa7+ Nd7 39. Qe3+ Kd8 40. Nf7+ Kc7 41. Qf4+ Kc6 42. Nd8+ Kb5 43. Qe4 Ka4 44. Nc6 Nc5 45. Qc2+ Qb3 46. Qd2 c3 47. Qd4+ Kb5 48. Na7+ Kb6 49. Nc8+ Kb5 50. Nd6+ Kc6 51. Nc4 Qb1+ 52. Kh2 Qd3 53. Ne5+ 1-0

[Event "Linares 18th"]
[Site "Linares"]
[Date "2001.02.24"]
[Round "2"]
[White "Karpov, Anatoly"]
[Black "Grischuk, Alexander"]
[Result "1/2-1/2"]
[WhiteElo "2679"]
[BlackElo "2663"]
[Annotator "Tsesarsky,Ilya"]
[PlyCount "40"]
[EventDate "2001.02.23"]
[EventType "tourn"]
[EventRounds "10"]
[EventCountry "ESP"]
[EventCategory "19"]
[SourceTitle "CBM 082"]
[Source "ChessBase"]
[SourceDate "2001.05.17"]
[SourceVersion "1"]
[SourceVersionDate "2001.05.17"]
[SourceQuality "1"]

1. d4 {Krasenkow,Michal Teske,Henrik} d5 2. c4 e6 3. Nf3 c6 4. Qc2 dxc4 5. Qxc4 Nf6 6. Bg5 b5 7. Qc2 Bb7 8. e4 ({another mainline is} 8. e3 {-in my opinion, better than move in the text.}) 8... Nbd7 9. Nbd2 ({In case of} 9. Bd3 {Black's plan is to prepare c6-c5 promotion:} a6 $1 (9... h6 $6 10. Bxf6 Nxf6 11. O-O Be7 12. Nbd2 Qb6 13. Nb3 Nd7 14. Rac1 $14 {1-0 Kharlov,A-Fressinet,L/Saint Vincent 2000/CBM 78 (66)}) 10. a4 h6 11. Bh4 (11. Bxf6 $5) 11... Qb6 12. Nbd2 c5 $11 {½-½ Lastin,A-Grischuk,A/Elista 2000/CBM 79 no vc (19)}) ({Active} 9. e5 {met by} h6 $1 10. Bd2 Nd5 11. Nc3 {[%cal Gc3e4]} a6 (11... Nxc3 $6 12. bxc3 Be7 13. Qe4 Qb6 14. Qg4 g6 15. Be2 a6 16. a4 (16. h4 $5) 16... bxa4 17. O-O a3 18. Rfb1 $16 {½-½ Hellsten,J-Fressinet,L/Brussels 2000/EXT 2001 (47)}) 12. Ne4 (12. Nxd5 cxd5 13. Bd3 Rc8 14. Qb3 Nb6 {[%cal Gb6c4]} 15. Ba5 Rc6 16. O-O Qc8 17. Bxb6 Rxb6 18. Rac1 Rc6 $11) 12... Rc8 $1 {[%cal Gc6c5]} 13. a4 c5 $132) 9... a6 (9... Qb6 10. a4 {-see commented game 1-0 Krasenkow,M-Markowski,T/Plock 2000/CBM 78 (55)[Huzman,A]} {RR} Bb4 11. Bd3 ({RR} 11. Be2 h6 12. Bxf6 Nxf6 13. O-O Bxd2 14. Nxd2 ({RR} 14. Qxd2 Nxe4 15. Qe3 Nf6) 14... Qxd4 15. Nb3 Qxe4 {RR} 16. Qxe4 Nxe4 17. Na5 Rb8 18. axb5 cxb5 19. Bxb5+ Ke7 20. Bc6 Ba8) 11... h6 12. Bxf6 Nxf6 13. O-O Nd7 14. Nb3 bxa4 15. Rxa4 a5 ({RR} 15... O-O 16. Rc1 c5) 16. Rc1 O-O 17. Bf1 Rfc8 18. Nc5 Nxc5 19. dxc5 Qa7 20. Ne5 Ba6 21. Bxa6 Qxa6 22. Nd3) ({RR} 9... Qb6 10. a4 a6 11. axb5 ({RR} 11. Bd3 Rc8 ({RR} 11... c5) 12. O-O ({RR} 12. Qb3) 12... c5 13. Bxf6 gxf6 14. d5 c4 15. Be2 Bd6) ({RR} 11. Be2 Bb4 ({RR} 11... c5 12. axb5 axb5 13. Rxa8+ Bxa8 14. O-O Bb7 15. Rc1 h6 16. Be3 Ng4 17. dxc5 Nxe3 18. cxb6 Nxc2 19. Rxc2) 12. O-O O-O 13. Bxf6 gxf6 14. e5) 11... cxb5 ({RR} 11... axb5 12. Rxa8+ Bxa8 13. Be2 h6 ({RR} 13... Bb4) 14. Bxf6 gxf6 15. O-O Be7 16. Qc3 O-O 17. b4) 12. Bd3 Rc8 13. Qb1 ({RR} 13. Qb3 e5 14. Nxe5 Nxe5 15. dxe5 Ng4 16. O-O Bc5) 13... h6 ({RR} 13... e5 14. d5) 14. Be3 Ng4 15. O-O ({RR} 15. Bf4 e5) ({RR} 15. e5) 15... Nxe3 16. fxe3 e5 17. Nb3 Bb4 18. Qa2 ({RR} 18. Qd1) 18... O-O 19. Na5 Ba8 ({RR} 19... Bxa5 20. Qxa5 Qxa5 21. Rxa5 f5 22. Nd2) 20. Kh1 ({RR} 20. Nb3 a5 21. Nxa5 exd4 22. exd4 Ne5 23. Nxe5 Qxd4+ 24. Kh1 Qxe5) 20... Bxa5 21. Qxa5 Qxa5 22. Rxa5 f5 23. Rxa6 ({RR} 23. Nd2 fxe4) 23... fxe4 24. Rxa8 {Wang,H (2752)-Nakamura,H (2769) Wijk aan Zee 2013 CBM 153 [Krasenkow,Michal] 0-1 (38)}) 10. a4 $146 ({Modest move} 10. Be2 {allows to Black equalize after} c5 11. dxc5 (11. d5 exd5 12. e5 h6 13. Bh4 g5 14. Bg3 Ne4 15. Nxe4 dxe4 16. Nd2 h5 17. h4 e3 18. fxe3 Bxg2 $17 {1-0 Yevseev,D-Mehyo,A/Pardubice 2000/EXT 2001 (42)}) 11... Bxc5 12. e5 Rc8 13. Qd3 h6 14. exf6 hxg5 15. fxg7 Rg8 16. Ne4 (16. Qh7 Nf6 17. Qh8 g4 $17) 16... Bxe4 17. Qxe4 Qa5+ 18. Kf1 Rxg7 19. h4 $11) 10... h6 $1 {[%mdl 260] This move Grischuk plays also in position with e3 instead of e4 - see commented game Gurevich M - Grischuk A ,World Cup of Rapid Chess KO, CBM 82,[Tsesarsky,I]} 11. Bxf6 ({Karpov doesn't want to play complicated position after} 11. Bh4 g5 12. Bg3 c5 $132) 11... Qxf6 12. e5 $146 ({RR} 12. Bd3 Bb4 13. O-O O-O 14. axb5 axb5 ({RR} 14... cxb5 15. Qc7) 15. Nb3 ({RR} 15. e5 Qe7 16. Bh7+ Kh8 17. Be4) 15... e5 16. Rxa8 Bxa8 17. Nxe5 Nxe5 18. dxe5 Qxe5 19. f4 Qb8 20. Qe2 Qb6+ 21. Kh1 c5 22. Bxb5 Bxe4 23. Bd3 ({RR} 23. f5) 23... Bb7 24. Nd2 Bxd2 25. Qxd2 Rd8 26. Rd1 Be4 {Lerner,K (2504)-Malakhov,V (2670) Bad Wiessee 2002 EXT 2003 [Teske,Henrik] 0-1 (46)}) ({RR} 12. Bd3 Bb4 13. O-O O-O 14. e5 Qd8 15. Be4 Qb6 16. Rfd1 c5 17. Nf1 Rac8 18. Bxb7 Qxb7 19. axb5 axb5 20. Qb3 Nb6 21. dxc5 Bxc5 22. Qxb5 Qc6 23. Qxc6 Rxc6 24. Ra6 Rfc8 25. g3 Nd5 26. Rxc6 Rxc6 {Kuzubov,Y (2558)-Tzermiadianos,A (2453) Warsaw 2005 1-0 (52)}) 12... Qd8 {This position looks with slight White advantage, but it is illusion. Black has sufficient counterplay, connected, first of all, with c6-c5 promotion.} 13. Bd3 Be7 14. O-O O-O 15. Ne4 ({Another try to get advantage is} 15. Bh7+ Kh8 16. Be4 {but after} Qb6 $1 {Black neutralises White's pressure:} (16... bxa4 $6 17. Rxa4 Nb6 18. Raa1 Nd5 19. Nb3 $14) 17. Nb3 Rac8 18. Rfc1 c5 19. Bxb7 Qxb7 20. axb5 axb5 (20... cxd4 21. bxa6 $16) 21. dxc5 Nxc5 $11) 15... c5 {after this planning move position will simplify:} 16. axb5 axb5 17. dxc5 Rxa1 18. Rxa1 Bxe4 19. Bxe4 Nxc5 20. g3 Qb6 1/2-1/2

[Event "Donskoj"]
[Site "Donskoj"]
[Date "2018.03.12"]
[Round "7"]
[White "Ismayilov, Ganjali"]
[Black "Karpov, Alexander"]
[Result "1-0"]
[WhiteElo "2379"]
[BlackElo "2201"]
[PlyCount "77"]
[EventDate "2018.03.09"]
[EventType "tourn"]
[EventRounds "13"]
[EventCountry "RUS"]
[EventCategory "1"]
[SourceTitle "CBM 183 Extra"]
[Source "ChessBase"]
[SourceDate "2018.04.19"]
[SourceVersion "1"]
[SourceVersionDate "2018.04.19"]
[SourceQuality "1"]

1. d4 d5 2. c4 e6 3. Nf3 c6 4. Qc2 Bb4+ 5. Nbd2 Nf6 6. a3 Be7 7. g3 Nbd7 8. Bg2 O-O 9. O-O b6 10. e4 Bb7 11. Re1 $146 ({RR} 11. e5 Ne8 12. Rd1 c5 13. dxc5 bxc5 14. cxd5 exd5 15. Nf1 Qb6 16. Bg5 Qd8 17. Bxe7 Qxe7 18. Ne3 Nc7 19. Nf5 Qd8 20. b4 c4 21. h4 a5 22. Nd6 Rb8 23. Ng5 g6 24. Nxb7 Rxb7 25. Bxd5 Nxd5 {Matveev,V (2325)-Karpov,A (2296) Nizhnij Tagil 2012 1-0 (53)}) 11... Rc8 12. b4 Qc7 13. e5 Ne8 14. Bb2 Qb8 15. c5 Nc7 16. a4 h6 17. Rab1 Qa8 18. Bc3 Rb8 19. Bh3 Ba6 20. Kg2 Qb7 21. Re3 Qc8 22. Bg4 Qd8 23. Ba1 Bb7 24. h4 bxc5 25. bxc5 Ba6 26. Reb3 Rxb3 27. Nxb3 Qa8 28. Na5 Rb8 29. Bc3 Rxb1 30. Qxb1 Be2 31. h5 f6 32. exf6 Nxf6 33. Qe1 Nxg4 34. Qxe2 Qe8 35. Bd2 Qxh5 36. Nxc6 Qe8 37. Nxe7+ Qxe7 38. Bf4 Kf7 39. Qb2 1-0

[Event "Novokuznetsk-ch"]
[Site "Novokuznetsk"]
[Date "2012.12.02"]
[Round "5"]
[White "Kuznetsova, Luba"]
[Black "Karpov, Arkadiy"]
[Result "1/2-1/2"]
[WhiteElo "2048"]
[BlackElo "2047"]
[PlyCount "103"]
[EventDate "2012.11.18"]
[EventType "swiss"]
[EventRounds "9"]
[EventCountry "RUS"]
[SourceTitle "EXT 2014"]
[Source "ChessBase"]
[SourceDate "2013.11.20"]
[SourceVersion "1"]
[SourceVersionDate "2013.11.20"]
[SourceQuality "1"]

1. d4 d5 2. e3 Nf6 3. Bd3 e6 4. Nf3 Bd6 5. O-O O-O 6. Nbd2 Nbd7 7. c4 c6 8. Qc2 Re8 9. b3 ({RR} 9. e4 dxe4 10. Nxe4 Nxe4 11. Bxe4 Nf6 12. Bg5 h5 13. Rad1 Be7 14. Bd3 Ng4 15. Bxe7 Qxe7 16. h3 Nf6 17. Rfe1 Bd7 18. Qd2 Red8 19. Qg5 Be8 20. Nh4 Kf8 21. Nf5 exf5 22. Rxe7 Kxe7 23. Bxf5 Bd7 {Koridze,L (2109)-Sneha Halder (2176) chess.com INT 2026 1-0 (31)}) 9... e5 10. dxe5 Nxe5 11. Be2 Qe7 $146 ({RR} 11... Bg4 12. h3 Bh5 13. Bb2 {½-½ (13) Christensen,J (2234)-Mikkelsen,J Denmark 1999}) 12. Bb2 Bg4 13. Rfe1 Bh5 14. Nxe5 Bxe5 15. Bxh5 Nxh5 16. cxd5 cxd5 17. Bxe5 Qxe5 18. Nf3 Qd6 19. Rac1 Nf6 20. Qc7 Qb4 21. Red1 Re7 22. Qc5 Qxc5 23. Rxc5 g6 24. Rdc1 Rae8 25. Kf1 h6 26. Ke2 Kg7 27. Rc8 Rxc8 28. Rxc8 Ne4 29. Nd4 a6 30. f3 Nf6 31. g4 Nh7 32. Rd8 Nf6 33. h4 Rd7 34. Rc8 Ng8 35. Kd3 Ne7 36. Rb8 Kf6 37. Re8 Kg7 38. Ne2 Nc6 39. a3 f6 40. f4 Kf7 41. Rh8 Kg7 42. Ra8 Kf7 43. b4 g5 44. hxg5 hxg5 45. Ng3 d4 46. Ne4 dxe3+ 47. Kxe3 gxf4+ 48. Kxf4 Rd3 49. Nc5 Rxa3 50. b5 Ne5 51. bxa6 bxa6 52. Rxa6 1/2-1/2